000 00888nam a2200253Ia 4500
003 OSt
005 20220930092137.0
006 a|||||r|||| 00| 0
007 ta
008 220926b |||||||| |||| 00| 0 eng d
024 _a12437
037 _cTheses
040 _aCRL
_cCRL
_beng
041 _2eng
_aeng
100 _aShyam Sunder S
_9547963
110 _aUniversity of Delhi. Faculty of Medical Science. Department of Neonatology
_9547964
245 0 _aRole of endotracheal suction on the occurence of meconium aspiration syndrome in non vigorous meconium stained neonated
_b A eandomized controlled trial
260 _c2013
650 _aMEDICINE
700 _a Nangia Sushma Gu.
_9544351
700 _aUniversity of Delhi. Faculty of Medical Science. Department of Neonatology
_9547965
942 _cDIS
_2CC
999 _c883302
_d883302